| 000 | 02011nam a22003377a 4500 | ||
|---|---|---|---|
| 003 | OSt | ||
| 005 | 20250416100719.0 | ||
| 007 | ta | ||
| 008 | 200204s2012 ck ||||er|||| 00| f spa d | ||
| 020 | _a9786074009163 | ||
| 040 |
_aCO-JMCR _cCO-JMCR |
||
| 041 | 1 |
_aspa _heng |
|
| 082 |
_aA-N _bMITa |
||
| 100 | 1 |
_aMitchell, David, _eautor _9175 |
|
| 245 | 1 | 3 |
_aEl atlas de las nubes / _cDavid Mitchell ; traducción de Victor V. Úbeda |
| 246 | 0 | 0 | _aTodo está conectado |
| 250 | _aPrimera edición | ||
| 260 |
_aMéxico : _bDuomo Ediciones ; Oceano, _c2012 |
||
| 300 |
_a599 páginas ; _c22 cm. |
||
| 490 | 0 | _aNefelibata | |
| 500 | _aIncluye datos biográficos del autor en solapa posterior. | ||
| 500 | _aTítulo original: Cloud atlas | ||
| 520 | _a¿Puede el amor, el poder del bien incluso en la adversidad, perdurar más allá de la vida que conocemos y prolongarse a través de siglos y lugares? Seis vidas se entrecruzan aquí de forma inesperada a fin de dibujar un mundo, profético y extraño a la vez, en el que la historia se puede reescribir. Los seis protagonistas de la novela, ajenos a la trascendencia de sus acciones, tienen un papel mucho más relevante en la posteridad de lo que pueden imaginar, en escenarios tan disimiles como un viaje por la Polinesia a bordo de un galeón en el siglo XIX, la California de los años sesenta, o una isla en un futuro postapocalíptico. Todos ellos comparten un destino común, el afán de poder que se sucede una civilización tras otra, y la búsqueda del amor como salvación. David Mitchell construye una aventura épica en la que no sólo todo está conectado, sino en la que también los gestos individuales pueden llegar a ser el germen de grandes revoluciones. | ||
| 546 | _aTraducido del inglés | ||
| 650 |
_aNovela inglesa _9193 |
||
| 650 |
_aNovela de ciencia ficción _9194 |
||
| 650 |
_aNovela histórica _9186 |
||
| 650 |
_aViajes alrededor del mundo _9195 |
||
| 700 | 1 |
_aÚbeda, Víctor V., _etraductor _9176 |
|
| 942 |
_2ddc _cBK |
||
| 999 |
_c6434 _d6434 |
||